[Event "COL-ch sf"]
[Site "Bogota"]
[Date "2020.11.15"]
[Round "7"]
[White "Lopez Ramirez, Daniel Giovanny"]
[Black "Cayon, Laura Valentina"]
[Result "1-0"]
[WhiteElo "1809"]
[BlackElo "1716"]
[PlyCount "61"]
[EventDate "2020.11.12"]
[EventType "swiss"]
[EventRounds "8"]
[EventCountry "COL"]
[SourceTitle "CBM 199 Extra"]
[Source "ChessBase"]
[SourceDate "2021.01.31"]
[SourceVersion "1"]
[SourceVersionDate "2021.01.31"]
[SourceQuality "1"]

1. e4 e6 2. d4 d5 3. Bd3 Nf6 4. e5 Nfd7 5. f4 c5 6. c3 Nc6 7. Nf3 Be7 8. 0-0 0-0 9. a3 c4 10. Bc2 b5 11. Ng5 h6 12. Qh5 Nb6 13. Rf3 f5 14. Qg6 Bxg5 15. fxg5 Qe8 16. Qxe8 Rxe8 17. gxh6 g6 18. h3 Bd7 19. g4 Kh7 20. g5 a5 21. h4 a4 22. Be3 Rg8 23. h5 Ne7 24. Nd2 Be8 25. hxg6+ Nxg6 26. Nf1 Nc8 27. Ng3 Nge7 28. Kh2 Bg6 29. Rg1 Ra6 30. Rf2 Rf8 31. Bd1 1-0

[Event "COL-ch U20 Girls"]
[Site "Tolima"]
[Date "2020.02.15"]
[Round "6"]
[White "Mercado Maestre, Maria Angel"]
[Black "Cayon, Laura Valentina"]
[Result "0-1"]
[WhiteElo "1276"]
[BlackElo "1740"]
[PlyCount "58"]
[EventDate "2020.02.12"]
[EventType "swiss"]
[EventRounds "7"]
[EventCountry "COL"]
[SourceTitle "CBM 195 Extra"]
[Source "ChessBase"]
[SourceDate "2020.05.31"]
[SourceVersion "1"]
[SourceVersionDate "2020.05.31"]
[SourceQuality "1"]

1. d4 d5 2. c4 c6 3. Nc3 e6 4. cxd5 exd5 5. Nf3 Nf6 6. Bg5 Be7 7. e3 Bf5 8. Bd3 Bxd3 9. Qxd3 Nbd7 10. 0-0 0-0 11. Nd2 Re8 12. f3 Qb6 13. Rab1 Rad8 14. Kh1 c5 15. Rfc1 c4 16. Qe2 Qc6 17. e4 h6 18. Bxf6 Nxf6 19. e5 Bb4 20. Qf2 Nd7 21. a3 Bxc3 22. Rxc3 b5 23. f4 a5 24. Qf3 Nf8 25. a4 b4 26. Rxc4 Qxa4 27. Rc5 Ne6 28. Rxd5 Rxd5 29. Qxd5 Qc2 0-1

[Event "COL-ch U20 Girls"]
[Site "Tolima"]
[Date "2020.02.14"]
[Round "5"]
[White "Cayon, Laura Valentina"]
[Black "Toro Castaneda, Elizabeth"]
[Result "0-1"]
[WhiteElo "1740"]
[BlackElo "1936"]
[PlyCount "46"]
[EventDate "2020.02.12"]
[EventType "swiss"]
[EventRounds "7"]
[EventCountry "COL"]
[SourceTitle "CBM 195 Extra"]
[Source "ChessBase"]
[SourceDate "2020.05.31"]
[SourceVersion "1"]
[SourceVersionDate "2020.05.31"]
[SourceQuality "1"]

1. d4 Nf6 2. c4 c5 3. e3 g6 4. Nf3 Bg7 5. g3 0-0 6. Bg2 Nc6 7. 0-0 d6 8. dxc5 dxc5 9. Qxd8 Rxd8 10. Nc3 Be6 11. Nd2 Na5 12. Rd1 Nxc4 13. Bxb7 Rab8 14. Nxc4 Rxd1+ 15. Nxd1 Rxb7 16. Nd2 Nd7 17. Nc3 f5 18. e4 Ne5 19. exf5 gxf5 20. Nb3 Nd3 21. Na5 Rb6 22. Be3 Rxb2 23. Na4 Rb5 0-1

[Event "COL-ch U20 Girls"]
[Site "Tolima"]
[Date "2020.02.13"]
[Round "3"]
[White "Cayon, Laura Valentina"]
[Black "Almanza Avila, Nataly"]
[Result "1-0"]
[WhiteElo "1740"]
[BlackElo "1399"]
[PlyCount "39"]
[EventDate "2020.02.12"]
[EventType "swiss"]
[EventRounds "7"]
[EventCountry "COL"]
[SourceTitle "CBM 195 Extra"]
[Source "ChessBase"]
[SourceDate "2020.05.31"]
[SourceVersion "1"]
[SourceVersionDate "2020.05.31"]
[SourceQuality "1"]

1. d4 Nf6 2. c4 g6 3. Nc3 Bg7 4. e4 d6 5. h3 0-0 6. Be3 e5 7. d5 a6 8. g4 c6 9. Qd2 cxd5 10. cxd5 b5 11. f3 Bb7 12. Nge2 h5 13. Bg5 hxg4 14. hxg4 Re8 15. Ng3 Nbd7 16. Bh6 Bh8 17. Qh2 Qe7 18. Nf5 gxf5 19. gxf5 Bg7 20. Bxg7 1-0

[Event "Bogota Navidad op"]
[Site "Bogota"]
[Date "2019.12.07"]
[Round "4"]
[White "Chavez, Diana Maria"]
[Black "Cayon, Laura Valentina"]
[Result "0-1"]
[WhiteElo "1868"]
[BlackElo "1660"]
[PlyCount "88"]
[EventDate "2019.12.05"]
[EventType "swiss"]
[EventRounds "7"]
[EventCountry "COL"]
[SourceTitle "CBM 193 Extra"]
[Source "ChessBase"]
[SourceDate "2020.01.31"]
[SourceVersion "1"]
[SourceVersionDate "2020.01.31"]
[SourceQuality "1"]

1. d4 Nf6 2. c4 g6 3. Nc3 Bg7 4. e4 d6 5. Be2 0-0 6. Be3 e5 7. d5 a5 8. g4 Na6 9. h4 Nc5 10. f3 Qe7 11. h5 Bd7 12. Qd2 b6 13. hxg6 fxg6 14. Nh3 Rae8 15. 0-0-0 Nb7 16. Rh2 Qd8 17. Rdh1 Re7 18. Bh6 Nc5 19. Ng5 Bc8 20. Bxg7 Rxg7 21. Rh6 Qe7 22. Kb1 Bd7 23. Bd1 Re8 24. b3 Qf8 25. a3 Ree7 26. b4 axb4 27. axb4 Nb7 28. Ba4 Bc8 29. Nb5 Bd7 30. Qh2 Nd8 31. Bd1 Bc8 32. Nc3 Bd7 33. Qc2 Nf7 34. Nxf7 Rexf7 35. Ne2 Qa8 36. Ng1 Qa3 37. Qb3 Qxb3+ 38. Bxb3 Kf8 39. Nh3 Ng8 40. Rh4 Rxf3 41. Bd1 Rf6 42. Ng5 h6 43. Nf3 g5 44. R4h2 Bxg4 0-1

[Event "Bogota Navidad op"]
[Site "Bogota"]
[Date "2019.12.05"]
[Round "1"]
[White "Pinzon, Jairo David"]
[Black "Cayon, Laura Valentina"]
[Result "1-0"]
[WhiteElo "2151"]
[BlackElo "1660"]
[PlyCount "38"]
[EventDate "2019.12.05"]
[EventType "swiss"]
[EventRounds "7"]
[EventCountry "COL"]
[SourceTitle "CBM 193 Extra"]
[Source "ChessBase"]
[SourceDate "2020.01.31"]
[SourceVersion "1"]
[SourceVersionDate "2020.01.31"]
[SourceQuality "1"]

1. e3 Nf6 2. b3 e5 3. Bb2 Nc6 4. Bb5 Bd6 5. d4 exd4 6. exd4 Ne7 7. Nf3 c6 8. Bd3 Bc7 9. 0-0 0-0 10. Nbd2 d5 11. Ne5 Bf5 12. Qf3 Qc8 13. Rfe1 Bxd3 14. Nxd3 Ng6 15. g3 Qh3 16. Qg2 Qxg2+ 17. Kxg2 Rfe8 18. Ne5 a5 19. c3 Bxe5 1-0

[Event "Uniagraria AlphaZero op 2nd"]
[Site "Uniagraria"]
[Date "2019.11.11"]
[Round "7"]
[White "Alvarez Cerbero, Julio Enrique"]
[Black "Cayon, Laura Valentina"]
[Result "0-1"]
[WhiteElo "1499"]
[BlackElo "1660"]
[PlyCount "61"]
[EventDate "2019.11.08"]
[EventType "swiss"]
[EventRounds "7"]
[EventCountry "COL"]
[SourceTitle "CBM 193 Extra"]
[Source "ChessBase"]
[SourceDate "2020.01.31"]
[SourceVersion "1"]
[SourceVersionDate "2020.01.31"]
[SourceQuality "1"]

1. c4 e5 2. g3 Nf6 3. Bg2 d5 4. cxd5 Nxd5 5. Nc3 Nb6 6. Nf3 Nc6 7. Rb1 Be7 8. a3 0-0 9. b4 a6 10. 0-0 Be6 11. d3 f5 12. Bb2 Bf6 13. Nd2 Qe7 14. Nb3 Rab8 15. Nc5 Bf7 16. Nxa6 bxa6 17. Bxc6 Rbd8 18. Qc2 Rd6 19. Bg2 Rfd8 20. b5 a5 21. a4 Be6 22. Rfd1 Qf7 23. Ba3 Rd4 24. e3 Rg4 25. h3 Rg6 26. Bc5 h5 27. h4 f4 28. exf4 exf4 29. Ne4 Bxh4 30. Qe2 fxg3 31. f3 0-1

[Event "COL-ch U18 Girls"]
[Site "Fusagasuga"]
[Date "2019.06.27"]
[Round "3"]
[White "Ruiz Jaraba, Valentina Sofia"]
[Black "Cayon, Laura Valentina"]
[Result "0-1"]
[WhiteElo "1562"]
[BlackElo "1659"]
[PlyCount "148"]
[EventDate "2019.06.26"]
[EventType "swiss (rapid)"]
[EventRounds "3"]
[EventCountry "COL"]
[SourceTitle "CBM 191 Extra"]
[Source "ChessBase"]
[SourceDate "2019.09.30"]
[SourceVersion "1"]
[SourceVersionDate "2019.09.30"]
[SourceQuality "1"]

1. e4 c5 2. Nf3 d6 3. c3 Nf6 4. Bd3 Nc6 5. Bc2 Bg4 6. d4 Bxf3 7. gxf3 cxd4 8. cxd4 e6 9. Nc3 g6 10. Be3 Bg7 11. Qd2 0-0 12. h4 h5 13. Rd1 Kh7 14. f4 d5 15. e5 Ng4 16. Qe2 Re8 17. a3 Bf8 18. Qf3 Rc8 19. Qg3 Na5 20. Bc1 Qc7 21. Rg1 Nc4 22. f3 Nh6 23. Qg5 Kh8 24. Rg2 Nxa3 25. Bd3 a6 26. f5 exf5 27. Nxd5 Qa5+ 28. Nc3 Nc4 29. Kf1 Nxb2 30. Bxb2 Rxc3 31. Bxc3 Qxc3 32. Be2 Ng8 33. Qg3 Bh6 34. Qe1 Qb3 35. Rb1 Qd5 36. Qb4 b5 37. Rd1 Ne7 38. Qa5 Qb7 39. Qb4 Nd5 40. Qd6 Ne3+ 41. Kg1 Nxd1 42. Bxd1 Re6 43. Qd8+ Kg7 44. Bb3 Qe7 45. Qxe7 Rxe7 46. Re2 Bf4 47. Kg2 a5 48. Bd5 Rd7 49. Bc6 Rxd4 50. Bxb5 Rd5 51. e6 fxe6 52. Bc4 Rd2 53. Rxd2 Bxd2 54. Bxe6 Kf6 55. Bd7 g5 56. hxg5+ Kxg5 57. Be8 h4 58. Kh3 Be1 59. Bd7 Kf4 60. Bc6 Ke5 61. Bd7 Bg3 62. Bc6 Kd6 63. Ba4 Kc5 64. f4 Kd4 65. Bc2 Bxf4 66. Kxh4 Ke5 67. Kh3 Bd2 68. Kg3 f4+ 69. Kf3 Kd4 70. Ke2 Kc3 71. Bd1 Be3 72. Ba4 Kb4 73. Bc6 a4 74. Bd5 Kc3 0-1

[Event "COL pre olympic sf2"]
[Site "Palmira"]
[Date "2019.05.29"]
[Round "1"]
[White "Nunez V, Gustavo Eduardo"]
[Black "Cayon, Laura Valentina"]
[Result "1-0"]
[WhiteElo "2176"]
[BlackElo "1659"]
[PlyCount "69"]
[EventDate "2019.05.29"]
[EventType "swiss"]
[EventRounds "10"]
[EventCountry "COL"]
[SourceTitle "CBM 190 Extra"]
[Source "ChessBase"]
[SourceDate "2019.07.15"]
[SourceVersion "1"]
[SourceVersionDate "2019.07.15"]
[SourceQuality "1"]

1. c4 e5 2. Nc3 Nf6 3. Nf3 Nc6 4. e4 d6 5. d4 g6 6. d5 Ne7 7. c5 Bg7 8. cxd6 cxd6 9. Qa4+ Bd7 10. Bb5 a6 11. Bxd7+ Qxd7 12. Qb3 0-0 13. Bg5 Rac8 14. 0-0 h6 15. Bxf6 Bxf6 16. Rac1 b5 17. Qa3 Ra8 18. Nb1 Rfc8 19. Nbd2 g5 20. h3 h5 21. Nh2 Kh8 22. Qf3 Kg7 23. Qxh5 Rh8 24. Qg4 Qb7 25. Nhf3 Rag8 26. Rc2 Kh6 27. Rfc1 Rc8 28. h4 gxh4 29. Nxh4 Rxc2 30. Rxc2 Bxh4 31. Qxh4+ Kg7 32. Qg4+ Ng6 33. g3 a5 34. Nf1 b4 35. Ne3 1-0

[Event "COL-ch U18 sf1"]
[Site "Ibague"]
[Date "2019.04.05"]
[Round "2.3"]
[White "Manzano Gomez, Valentina"]
[Black "Cayon, Laura Valentina"]
[Result "1-0"]
[WhiteElo "1604"]
[BlackElo "1727"]
[PlyCount "45"]
[EventDate "2019.04.04"]
[EventType "tourn"]
[EventRounds "6"]
[EventCountry "COL"]
[SourceTitle "EXT 2024"]
[Source "ChessBase"]
[SourceDate "2023.10.10"]
[SourceVersion "1"]
[SourceVersionDate "2023.10.10"]
[SourceQuality "1"]

1. e4 c6 2. d4 d5 3. exd5 cxd5 4. Bd3 Nf6 5. Nf3 Bg4 6. h3 Bh5 7. g4 Bg6 8. Bf4 Nbd7 9. Nc3 a6 10. g5 Ne4 11. Nxd5 Qa5+ 12. Nc3 Nxc3 13. bxc3 Qxc3+ 14. Bd2 Qc6 15. Bxg6 hxg6 16. h4 e6 17. Qe2 Qxc2 18. d5 Qb2 19. 0-0 e5 20. Rfb1 Qc2 21. Nxe5 Nxe5 22. Qxe5+ Be7 23. Rxb7 1-0

[Event "COL-ch U2000"]
[Site "Pereira"]
[Date "2019.03.24"]
[Round "6"]
[White "Cayon, Laura Valentina"]
[Black "Sanchez Escobar, Nelson"]
[Result "0-1"]
[WhiteElo "1727"]
[BlackElo "1709"]
[PlyCount "68"]
[EventDate "2019.03.21"]
[EventType "swiss"]
[EventRounds "9"]
[EventCountry "COL"]
[SourceTitle "CBM 189 Extra"]
[Source "ChessBase"]
[SourceDate "2019.06.03"]
[SourceVersion "1"]
[SourceVersionDate "2019.06.03"]
[SourceQuality "1"]

1. d4 d5 2. c4 e6 3. Nc3 c6 4. Nf3 Bb4 5. Bf4 Nd7 6. c5 Ne7 7. e3 0-0 8. Bd3 Ba5 9. Bxh7+ Kxh7 10. Ng5+ Kg6 11. Qg4 Nf6 12. Qg3 Nf5 13. Qf3 Nh4 14. Qe2 Ne4 15. Ngxe4 dxe4 16. Qg4+ Kh7 17. Bg5 f6 18. Bxh4 Qd5 19. 0-0 Bxc3 20. bxc3 Qf5 21. Qg3 g5 22. Qc7+ Kg6 23. Bg3 Rf7 24. Qa5 b6 25. Qb4 bxc5 26. Qc4 Rb7 27. Qxc5 Bd7 28. f3 exf3 29. Rxf3 Qd5 30. Qxd5 exd5 31. e4 Rb2 32. exd5 cxd5 33. c4 dxc4 34. Rc3 Rd2 0-1

[Event "COL-chB U1800"]
[Site "Antioquia"]
[Date "2018.12.09"]
[Round "6"]
[White "Cayon, Laura Valentina"]
[Black "Florez Rojas, Santiago"]
[Result "1/2-1/2"]
[WhiteElo "1727"]
[BlackElo "1663"]
[PlyCount "45"]
[EventDate "2018.12.06"]
[EventType "swiss"]
[EventRounds "7"]
[EventCountry "COL"]
[SourceTitle "CBM 190 Extra"]
[Source "ChessBase"]
[SourceDate "2019.07.15"]
[SourceVersion "1"]
[SourceVersionDate "2019.07.15"]
[SourceQuality "1"]

1. d4 d5 2. Nf3 Nf6 3. c4 e6 4. Nc3 Be7 5. Bf4 0-0 6. c5 Nbd7 7. h3 Nh5 8. Bh2 f5 9. e3 Nhf6 10. Ng5 Nb8 11. Nb5 Na6 12. Bd3 Ne4 13. Nf3 c6 14. Nc3 Nc7 15. Qc2 Ne8 16. 0-0 N8f6 17. Ne5 Nd7 18. Nf3 Bf6 19. b4 Re8 20. Ne5 Bxe5 21. Bxe5 Nxe5 22. dxe5 Qc7 23. f4 1/2-1/2

[Event "Wch U16 Girls"]
[Site "Montevideo"]
[Date "2017.09.19"]
[Round "4"]
[White "Erseki, Tamara"]
[Black "Cayon, Laura Valentina"]
[Result "1-0"]
[WhiteElo "2050"]
[BlackElo "1715"]
[PlyCount "63"]
[EventDate "2017.09.17"]
[EventType "swiss"]
[EventRounds "11"]
[EventCountry "URU"]
[SourceTitle "CBM 180 Extra"]
[Source "ChessBase"]
[SourceDate "2017.10.06"]
[SourceVersion "1"]
[SourceVersionDate "2017.10.06"]
[SourceQuality "1"]

1. e4 c5 2. Nf3 g6 3. d4 cxd4 4. Qxd4 Nf6 5. Nc3 Nc6 6. Qa4 d6 7. e5 dxe5 8. Nxe5 Bd7 9. Nxd7 Qxd7 10. Bf4 Qd4 11. Qxd4 Nxd4 12. 0-0-0 0-0-0 13. Bc4 Ng4 14. Bg3 f5 15. h3 Bh6+ 16. Kb1 f4 17. hxg4 fxg3 18. Rxh6 gxf2 19. Rf1 Rdf8 20. Nd1 Rf6 21. Rxf2 Rxf2 22. Nxf2 Rf8 23. c3 Rxf2 24. cxd4 Rxg2 25. Be6+ Kc7 26. Rxh7 Kd6 27. d5 Rg1+ 28. Kc2 b5 29. a3 a5 30. Rg7 Rg2+ 31. Kb3 a4+ 32. Ka2 1-0

[Event "COL-ch sf (Women)"]
[Site "Palmira"]
[Date "2017.05.18"]
[Round "5"]
[White "Cayon, Laura Valentina"]
[Black "Argote Heredia, Valentina"]
[Result "0-1"]
[WhiteElo "1708"]
[BlackElo "1990"]
[PlyCount "53"]
[EventDate "2017.05.15"]
[EventType "swiss"]
[EventRounds "7"]
[EventCountry "COL"]
[SourceTitle "CBM 178 Extra"]
[Source "ChessBase"]
[SourceDate "2017.06.22"]
[SourceVersion "1"]
[SourceVersionDate "2017.06.22"]
[SourceQuality "1"]

1. d4 Nf6 2. c4 e6 3. Nf3 b6 4. g3 Bb7 5. Bg2 d6 6. Nc3 Nbd7 7. 0-0 Ne4 8. Qc2 Nxc3 9. bxc3 c5 10. e4 cxd4 11. cxd4 Rc8 12. Bb2 Be7 13. Qb3 Bxe4 14. Rfe1 Nf6 15. Rad1 d5 16. Ne5 0-0 17. Bxe4 Nxe4 18. cxd5 Qxd5 19. Qxd5 exd5 20. f3 Ng5 21. Rd3 Rc2 22. Nd7 Nh3+ 23. Kh1 Nf2+ 24. Kg1 Nxd3 25. Rxe7 Rxb2 26. Nxf8 Kxf8 27. Rxa7 0-1

[Event "Ibague sf3 U18 Girls"]
[Site "Ibague"]
[Date "2017.03.25"]
[Round "4.3"]
[White "Cayon, Laura Valentina"]
[Black "Medina Barrios, Lina Maria"]
[Result "1-0"]
[WhiteElo "1756"]
[BlackElo "1490"]
[PlyCount "43"]
[EventDate "2017.03.23"]
[EventType "swiss"]
[EventRounds "5"]
[EventCountry "COL"]
[SourceTitle "EXT 2024"]
[Source "ChessBase"]
[SourceDate "2023.10.10"]
[SourceVersion "1"]
[SourceVersionDate "2023.10.10"]
[SourceQuality "1"]

1. c4 e6 2. Nc3 Nf6 3. e4 d6 4. d4 Nbd7 5. Nf3 b6 6. Qc2 Bb7 7. Be2 Be7 8. 0-0 0-0 9. Bd2 e5 10. d5 a5 11. a3 Qc8 12. Rfc1 Ne8 13. Be3 Ba6 14. Nd2 Ndf6 15. h3 Qd7 16. b4 Bb7 17. Rcb1 Bd8 18. c5 c6 19. dxc6 Bxc6 20. b5 dxc5 21. bxc6 Qxc6 22. Bb5 1-0

[Event "COL-ch sf2 U18 Girls"]
[Site "Cartagena"]
[Date "2017.03.10"]
[Round "2.1"]
[White "Cayon, Laura Valentina"]
[Black "Argote Heredia, Valentina"]
[Result "0-1"]
[WhiteElo "1756"]
[BlackElo "1946"]
[PlyCount "44"]
[EventDate "2017.03.09"]
[EventType "swiss"]
[EventRounds "5"]
[EventCountry "COL"]
[SourceTitle "EXT 2024"]
[Source "ChessBase"]
[SourceDate "2023.10.10"]
[SourceVersion "1"]
[SourceVersionDate "2023.10.10"]
[SourceQuality "1"]

1. d4 Nf6 2. Nf3 c5 3. c3 e6 4. Bf4 d5 5. e3 Be7 6. h3 0-0 7. Bd3 Nbd7 8. Nbd2 c4 9. Bc2 b5 10. b4 cxb3 11. axb3 Bb7 12. c4 dxc4 13. bxc4 bxc4 14. Nxc4 Bb4+ 15. Ncd2 Nd5 16. Bxh7+ Kxh7 17. Ng5+ Kg8 18. Qh5 N7f6 19. Qf3 Qb6 20. h4 Bxd2+ 21. Kxd2 Qb2+ 22. Kd3 Nb4+ 0-1